000 00521nam a2200145Ia 4500
008 220216s9999 xx 000 0 und d
100 _aMarattukalam J.G.
245 0 _aPerformance of a few RRII clones of Hevea brasiliensis (Willd. ex. Adr. de Juss) Muell. Arg. in a large scale trial
260 _bPlacrosym VIII, 1988, Cochin, India. Journal of Plantation Crops, 18 (Supplement): 3-6
_c1991
650 _aClone evaluation
650 _aRRII clone
700 _aGeorge P.J.
700 _aPremakumari D.
942 _cBS
999 _c49352
_d49352